PREGNANCY BIRTH & MATERNITY CARE : FEMINIST PERSPECTIVES / (Record no. 795331)

MARC details
000 -LEADER
fixed length control field 00501pam a2200181 a 4500
020 ## - INTERNATIONAL STANDARD BOOK NUMBER
International Standard Book Number 0750656018
Terms of availability 1976.77
041 ## - LANGUAGE CODE
Language code of text/sound track or separate title eng
Language code of original NULL
082 ## - DEWEY DECIMAL CLASSIFICATION NUMBER
Classification number 618.2
Item number STW/HUNT
100 ## - MAIN ENTRY--PERSONAL NAME
Personal name STWART , M .
245 ## - TITLE STATEMENT
Title PREGNANCY BIRTH & MATERNITY CARE : FEMINIST PERSPECTIVES /
Statement of responsibility, etc. NULL.
Medium Textual Documents
260 ## - PUBLICATION, DISTRIBUTION, ETC.
Place of publication, distribution, etc. NULL :
Name of publisher, distributor, etc. BOOKS FOR MIDWIVES ,
Date of publication, distribution, etc. 2004.
300 ## - PHYSICAL DESCRIPTION
Extent EVANS :
Other physical details A ;
Dimensions T .
365 ## - TRADE PRICE
Price type code 1976.77
650 ## - SUBJECT ADDED ENTRY--TOPICAL TERM
Topical term or geographic name entry element OBST.GYNE
700 ## - ADDED ENTRY--PERSONAL NAME
Personal name HUNT, S .
930 ## - EQUIVALENCE OR CROSS-REFERENCE-UNIFORM TITLE HEADING [LOCAL, CANADA]
Uniform title 795
Holdings
Withdrawn status Lost status Damaged status Not for loan Home library Current library Date acquired Cost, normal purchase price Total Checkouts Full call number Barcode Date last seen Copy number Price effective from Koha item type
        Medical College & Hospital, Sangli Medical College & Hospital, Sangli 28/11/2011 1976.77   618.2 STW/HUNT MCS-2680 26/07/2023 1 26/07/2023 Book